000 00959nam a2200265 i 4500
001 175400
003 ES-MaACL
005 20251218174604.0
007 t|
008 101026s1973 sp o r ||||1| spa d
020 _a84-369-0271-8
080 _a75 González, Zacarías
080 _a929 González, Zacarías
100 1 _aSastre, Luis.
_9103920
245 1 0 _aZacarías González /
_cLuis Sastre.
260 _a[Madrid :
_bServicio de Publicaciones del Ministerio de Educación y Ciencia, Secretaría General Técnica,
_c1973]
300 _a95 p. :
_bfot. col. y n. ;
_c17 cm.
490 1 _aArtistas españoles contemporáneos. Pintores ;
_v60
504 _aBibliografía: p. 91-95.
600 1 4 _aGonzález, Zacarías.
_958393
710 1 _aEspaña.
_bMinisterio de Educación y Ciencia.
_93864
830 0 _aArtistas españoles contemporáneos. Pintores
_v60
_9189664
852 _aES-MaACL
_j2261-F-60
_xOlim P-1916
999 _c175400
_d175400